000 00985cam a2200241 a 4500
001 15753895
005 20180307032531.0
008 090528s2010 nyua 001 0 eng
010 _a 2009021387
020 _a9780073382425 (alk. paper)
020 _a0073382426 (alk. paper)
035 _a(OCoLC)ocn286444546
040 _aDLC
_cDLC
_dYDX
_dDLC
041 _aeng
080 _a336 KAP
082 _a336 KAP
100 1 _a56
101 _aFIN
245 1 0 _aFocus on personal finance :
_cJack R. Kapoor, Les R. Dlabay, Robert J. Hughes.
906 _a7
_bcbc
_corignew
_d1
_eecip
_f20
_gy-gencatlg
942 _2ddc
_cBK
999 _c44243
_d44243